000 00424nam a2200145 i 4500
001 bg
100 1 _aDĄBROWA, Jerzy
245 0 _aMagnetyczne i magnetyczno-półprzewodnikowe elementy cyfrowe :
_bbadania i pomiary laboratoryjne /
_cJerzy Dąbrowa.
260 _aGliwice,
_c1976.
040 _cBPK
041 _apol
080 _a681.32:621.318:621.38](075.8)
942 _cKS
008 s pl f |000 0 pol
999 _c27614
_d27614
856 _uhttp://koha.tu.koszalin.pl/cgi-bin/koha/opac-detail.pl?biblionumber=27614
_yKatalog online BPK